[Event "21st World Seniors"]
[Site "Rijeka CRO"]
[Date "2011.11.24"]
[Round "9.30"]
[White "Serra Olives,T"]
[Black "Yasseen,A"]
[Result "0-1"]
[WhiteElo "2173"]
[BlackElo "2342"]

1.e4 c5 2.Nf3 d6 3.d4 cxd4 4.Nxd4 Nf6 5.Nc3 Nc6 6.Bg5 e6 7.Qd2 a6 8.O-O-O Bd7
9.Nb3 Qc7 10.Kb1 h6 11.Bxf6 gxf6 12.f4 O-O-O 13.Be2 Kb8 14.Bf3 Rc8 15.Na4 Na7
16.Nac5 Bb5 17.Nd3 Be7 18.Nb4 Qb6 19.Nd4 Bc4 20.c3 a5 21.Nbc2 Rhd8 22.Ne3 a4
23.Nxc4 Rxc4 24.Be2 Rc7 25.Rc1 d5 26.exd5 Rxd5 27.Bf3 Rd8 28.Qe3 Bc5 29.Rhd1 Rcd7
30.Qe4 f5 31.Qe5+ Bd6 32.Qe3 Ka8 33.g3 Bc5 34.Qe5 a3 35.Nb3 axb2 36.Kxb2 Bd6
37.Qe2 Nb5 38.Ka1 Ba3 39.Rxd7 Rxd7 40.Rf1 Nxc3 41.Qc2 Qe3 42.Qf2 Qxf2 43.Rxf2 Rd3
44.Rf1 f6 45.Bh5 Kb8 46.Re1 Ne4 47.Kb1 Kc7 48.Kc2 Rc3+ 49.Kb1 Kd7 50.Bd1 Nd2+
51.Ka1 Nc4 52.Kb1 e5 53.Bc2  0-1

[Event "Cultural Village Tournament"]
[Site "Wijk aan Zee NED"]
[Date "2011.11.24"]
[Round "4.2"]
[White "Haast,A"]
[Black "Sethuraman,S"]
[Result "0-1"]
[WhiteElo "2268"]
[BlackElo "2543"]

1.e4 c5 2.Nf3 d6 3.d4 cxd4 4.Nxd4 Nf6 5.Nc3 Nc6 6.Bg5 Bd7 7.Be2 e6 8.O-O a6
9.Kh1 Be7 10.f4 O-O 11.Nf3 Qc7 12.Qe1 h6 13.Bh4 d5 14.exd5 Nxd5 15.Nxd5 exd5
16.Bxe7 Nxe7 17.Bd3 Bf5 18.Qe5 Qxe5 19.Nxe5 Bxd3 20.Nxd3 d4 21.Rfe1 Nf5 22.Re5 g6
23.Rae1 Rac8 24.R1e2 Ne3 25.Kg1 Nxc2 26.Rd5 Rfe8 27.Rxe8+ Rxe8 28.Ne5 Re7
29.a3 Rc7 30.Kf2 Kf8 31.Nf3 Ne3 32.Rxd4 Nc4 33.g4 Nxb2 34.Rd8+ Ke7 35.Rd2 Nc4
36.Rd3 b5 37.Nd4 Rc5 38.h4 h5 39.g5 Nd6 40.Re3+ Kd7 41.Nf3 Rc2+ 42.Ke1 Nf5
43.Rd3+ Ke6 44.Rd8 Rc4 45.Re8+ Kd7 46.Re2 Rxf4 47.Ne5+ Kc7 48.Nxf7 Nxh4 49.Re7+ Kb6
50.Re6+ Kc5 51.Nd8 Nf3+ 52.Kd1 Rd4+ 53.Ke2 Ng1+ 54.Kf1 Rxd8 55.Kxg1 Rd6  0-1

[Event "25th Belgrade Trophy"]
[Site "Obrenovac SRB"]
[Date "2011.11.26"]
[Round "3.33"]
[White "Videnova,I"]
[Black "Dimic,P"]
[Result "1/2-1/2"]
[WhiteElo "2297"]
[BlackElo "2034"]

1.e4 c5 2.Nf3 Nc6 3.d4 cxd4 4.Nxd4 Nf6 5.Nc3 d6 6.Bg5 e6 7.Qd2 a6 8.O-O-O Bd7
9.f3 Be7 10.h4 h6 11.Be3 h5 12.Bg5 Qc7 13.Kb1 Ne5 14.f4 Neg4 15.g3 b5 16.a3 Rb8
17.Bh3 a5 18.Bxg4 hxg4 19.e5 dxe5 20.fxe5 b4 21.Ncb5 Bxb5 22.exf6 gxf6 23.Bf4 e5
24.Nxb5 Rxb5 25.a4 Rb8 26.Be3 b3 27.Rc1 Qb7 28.cxb3 Qxb3 29.Ba7 Rd8 30.Qxa5 Qxg3
31.Bb6 Qd3+ 32.Ka1 Rd5 33.Qa8+ Bd8 34.Qc6+ Kf8 35.Bxd8 Rxd8 36.Qxf6 Rh5 37.Rc7 Qd5
38.Rxf7+ Qxf7 39.Qxd8+ Kg7 40.Rc1 Rf5 41.Kb1 Rf1 42.Qg5+ Kf8 43.h5 Qh7+ 44.Ka2 Rxc1
45.Qxc1 Qxh5 46.Qc5+ Kg7 47.a5 g3 48.a6 Qf7+ 49.Ka3 Qf3+ 50.Ka4 Qe4+ 51.Ka5 g2
52.a7 Qe1+ 53.Kb5 g1=Q 54.Qxg1+ Qxg1 55.a8=Q Qf1+ 56.Kb4 Qe1+ 57.Kb3 Qd1+
58.Ka2 Qd4 59.Qb7+ Kf6 60.b4  1/2-1/2

[Event "25th Belgrade Trophy"]
[Site "Obrenovac SRB"]
[Date "2011.11.28"]
[Round "5.9"]
[White "Drenchev,P"]
[Black "Olenin,N"]
[Result "0-1"]
[WhiteElo "2499"]
[BlackElo "2323"]

1.e4 c5 2.Nf3 d6 3.d4 cxd4 4.Nxd4 Nf6 5.Nc3 Nc6 6.Bg5 e6 7.Qd2 a6 8.O-O-O Be7
9.f3 Nxd4 10.Qxd4 Qa5 11.Bd2 Qc5 12.Be3 Qxd4 13.Rxd4 Bd7 14.Be2 Bc6 15.Rhd1 O-O-O
16.g4 h6 17.a4 d5 18.exd5 Nxd5 19.Nxd5 exd5 20.R4d3 Rhe8 21.Bf1 Bxa4 22.Rxd5 Bc6
23.Rf5 f6 24.Rxd8+ Bxd8 25.Kd2 Bc7 26.f4 Bd7 27.Rc5 Bxg4 28.Bd3 Kb8  0-1

[Event "8th Vasylyshyn Mem IM"]
[Site "Lviv UKR"]
[Date "2011.11.29"]
[Round "1"]
[White "Yildiz,B"]
[Black "Buksa,N"]
[Result "1-0"]
[WhiteElo "2297"]
[BlackElo "2062"]

1.e4 c5 2.Nf3 Nc6 3.d4 cxd4 4.Nxd4 Nf6 5.Nc3 d6 6.Bg5 e6 7.Qd2 a6 8.O-O-O Qc7
9.f3 Be7 10.Be3 Nd7 11.f4 b5 12.Bxb5 axb5 13.Ndxb5 Qa5 14.Nxd6+ Bxd6 15.Qxd6 Ra6
16.a3 Nd8 17.Qd3 O-O 18.Nb5 Rc6 19.Na7 Nc5 20.Bxc5 Rxc5 21.b4 Qxa7 22.bxc5 Nb7
23.c6 Nc5 24.Qe3 Ba6 25.Rd6 Qb6 26.Rhd1 Rb8 27.R1d4 Rc8 28.Qd2 h6 29.Qb4 Qa7
30.Rd8+ Rxd8 31.Rxd8+ Kh7 32.Qb8 Qxb8 33.Rxb8 Nxe4 34.c7  1-0

[Event "CCSCSL Invitational"]
[Site "Saint Louis USA"]
[Date "2011.11.29"]
[Round "1.3"]
[White "Rensch,D"]
[Black "Diamant,A"]
[Result "0-1"]
[WhiteElo "2416"]
[BlackElo "2489"]

1.e4 c5 2.Nf3 d6 3.d4 cxd4 4.Nxd4 Nf6 5.Nc3 Nc6 6.Bg5 e6 7.Qd2 Be7 8.O-O-O Qb6
9.Nb3 O-O 10.g4 a6 11.Kb1 Qc7 12.f4 b5 13.Bxf6 Bxf6 14.Qxd6 Qb6 15.Bg2 Be7
16.Qd3 Bb7 17.g5 Rac8 18.Qe2 Bb4 19.e5 Bxc3 20.bxc3 Ne7 21.Rd6 Qc7 22.Rhd1 Bxg2
23.Qxg2 Nd5 24.R6xd5 exd5 25.Rd3 Qc4 26.Qd2 Qe4 27.Kb2 Rc4 28.Rd4 Qf3 29.Na5 Rxd4
30.Qxd4 Rc8 31.h4 g6 32.a3 Qh3 33.Nb7 Rc4 34.Qd2 Qf3 35.Nd6 Rxf4 36.Ne8 Rxh4
37.Nf6+ Kg7 38.Nxd5 h6 39.Nf6 hxg5 40.Qd8 Rh8 41.Qd4 Qf5 42.Ne4 Qe6 43.Nxg5 Qe7
44.Ne4 Rd8 45.Nd6 Qe6 46.a4 bxa4 47.c4 f6 48.c3 Qxe5 49.Qa7+ Kg8 50.c5 Rxd6
51.Qb8+ Kf7 52.Qc7+ Ke6 53.cxd6 a3+ 54.Kc2 Qxd6 55.Qc4+ Ke7 56.Qe4+ Kf7 57.Qb7+ Kf8
58.Qc8+ Kf7 59.Qb7+ Qe7 60.Qxa6 g5 61.c4 Qe2+ 62.Kb3 Qb2+ 63.Ka4 a2  0-1

[Event "25th Belgrade Trophy"]
[Site "Obrenovac SRB"]
[Date "2011.11.30"]
[Round "7.7"]
[White "Perunovic,Mil"]
[Black "Nenezic,M"]
[Result "1-0"]
[WhiteElo "2576"]
[BlackElo "2329"]

1.e4 c5 2.Nf3 d6 3.d4 cxd4 4.Nxd4 Nf6 5.Nc3 Nc6 6.Bg5 Bd7 7.Be2 a6 8.Bxf6 gxf6
9.Nf5 Qa5 10.O-O O-O-O 11.a3 Qe5 12.Ne3 Rg8 13.Kh1 e6 14.Nc4 Qd4 15.Qe1 Ne5
16.Rd1 Qc5 17.b4 Qc7 18.Ne3 Kb8 19.f4 Ng6 20.Rb1 Rc8 21.Rb3 b5 22.a4 Qb6
23.Qd2 Bh6 24.Ned5 exd5 25.Nxd5 Qc6 26.axb5 axb5 27.Ra3 Qb7 28.Rfa1 Nxf4
29.Nxf4 Bc6 30.Ra8+ Qxa8 31.Qxd6+ Kb7 32.Rxa8 Rxa8 33.Qe7+ Kc8 34.Qxf6 Bxe4
35.Qc3+ Kb7 36.Bf3 Rge8 37.Nd3 Bxf3 38.Nc5+ Kb6 39.Nd7+ Kb7 40.Nc5+ Kb6 41.gxf3 Rad8
42.Qf6+ Kc7 43.Qxf7+  1-0

[Event "25th Belgrade Trophy"]
[Site "Obrenovac SRB"]
[Date "2011.12.01"]
[Round "8.45"]
[White "Marjanovic,Dej"]
[Black "Dimic,P"]
[Result "1/2-1/2"]
[WhiteElo "2138"]
[BlackElo "2034"]

1.e4 c5 2.Nf3 Nc6 3.d4 cxd4 4.Nxd4 Nf6 5.Nc3 d6 6.Bg5 e6 7.Qd2 a6 8.O-O-O Bd7
9.f4 h6 10.Bh4 Nxe4 11.Qe1 Nf6 12.Nf5 Qa5 13.Nxd6+ Bxd6 14.Rxd6 O-O-O 15.Qd2 Ne7
16.Be2 Bc6 17.Rd1 Rxd6 18.Qxd6 Nf5 19.Qe5 Qxe5 20.fxe5 Nxh4 21.exf6 gxf6
22.Bh5 Ng6 23.Rf1 f5 24.g4 fxg4 25.Rxf7 Ne5 26.Rf1 Rg8 27.Rf6 Kd7 28.Rxh6 Rg7
29.Ne2 Nf3 30.Nf4 Nxh2 31.Nxe6 Re7 32.Nc5+ Kc7 33.Ne6+ Kd7 34.Nc5+ Kc7 35.Ne6+  1/2-1/2

[Event "TCh-AUT 2 Mitte 2011-12"]
[Site "Graz AUT"]
[Date "2011.12.04"]
[Round "6"]
[White "Schink,B"]
[Black "Hatzl,S"]
[Result "1-0"]
[WhiteElo "2069"]
[BlackElo "2162"]

1.e4 c5 2.Nf3 d6 3.d4 cxd4 4.Nxd4 Nf6 5.Nc3 Nc6 6.Bg5 Bd7 7.Be2 Qa5 8.Bxf6 gxf6
9.O-O a6 10.Nd5 Qd8 11.c3 e6 12.Ne3 Rc8 13.Bh5 Qa5 14.Kh1 Qg5 15.f4 Qg7 16.Rf3 Be7
17.Rg3 Qf8 18.f5 Kd8 19.Qb3 Nxd4 20.cxd4 Rg8 21.Qb6+ Ke8 22.fxe6 Bxe6 23.d5 Rxg3
24.dxe6 Qh6 25.Qxb7 Rd8 26.Nf5  1-0

[Event "XVII Navalmoral Open"]
[Site "Navalmoral de la Mata ESP"]
[Date "2011.12.04"]
[Round "3"]
[White "Korneev,O"]
[Black "Moreno Tejera,E"]
[Result "1/2-1/2"]
[WhiteElo "2608"]
[BlackElo "2319"]

1.e4 c5 2.Nf3 d6 3.d4 cxd4 4.Nxd4 Nf6 5.Nc3 Nc6 6.Bg5 e6 7.Qd2 Be7 8.O-O-O Nxd4
9.Qxd4 O-O 10.f3 a6 11.h4 b5 12.Kb1 Bb7 13.Qd2 Rc8 14.Bd3 Nd7 15.a3 f6 16.Be3 Ne5
17.Rhe1 Qe8 18.Ne2 d5 19.exd5 Nxd3 20.Qxd3 Bxd5 21.Nf4 Bc4 22.Qd7 e5 23.Qxe8 Rfxe8
24.Nd5 Bc5 25.Bxc5 Rxc5 26.Ne3 Be6 27.Rd6 a5 28.Red1 b4 29.axb4 axb4 30.Rd8 Rc8
31.Rxc8 Rxc8 32.Rd6 Kf7 33.Rb6 b3 34.cxb3 f5 35.Rb4 Kf6 36.Nd1 Rd8 37.Kc2 Rd4
38.Rxd4 exd4 39.f4 Bd5 40.Kd3 Bxg2 41.Kxd4 h6 42.Ne3 Bb7 43.h5 Bf3 44.b4 Bxh5
45.b5 Bf3 46.b6 Ke6 47.Nc4 g5 48.Ke3  1/2-1/2

[Event "XVII Navalmoral Open"]
[Site "Navalmoral de la Mata ESP"]
[Date "2011.12.06"]
[Round "6"]
[White "Fedorchuk,S"]
[Black "Shanava,K"]
[Result "1/2-1/2"]
[WhiteElo "2632"]
[BlackElo "2576"]

1.e4 c5 2.Nf3 d6 3.d4 cxd4 4.Nxd4 Nf6 5.Nc3 Nc6 6.Bg5 Bd7 7.f3 Qa5 8.h4 Qb6
9.Nb3 h6 10.Bf4 e5 11.Bg3 a6 12.Qd2 Rc8 13.O-O-O Be6 14.Kb1 Na5 15.Bf2 Qd8
16.g4 Nc4 17.Bxc4 Bxc4 18.g5 Nd7 19.Be3 h5 20.f4 exf4 21.Bxf4 Ne5 22.Nd5 Be7
23.Nxe7 Qxe7 24.Qxd6 Qxd6 25.Rxd6 Ng6 26.Bg3 Bxb3 27.axb3 Rd8 28.e5 Rxd6
29.exd6 Rf8 30.c4 Kd7 31.b4 f5 32.gxf6 gxf6 33.Rg1 Rf7 34.Kc2 f5 35.c5 f4
36.Bf2 Ne5 37.Rg8 Ng4 38.Bd4 f3 39.Rb8 Kc6 40.Rc8+ Kd5 41.Rc7 Rf8 42.d7 Rd8
43.Bg1 f2 44.Bxf2 Nxf2 45.Rxb7 Kc6 46.Rb6+ Kxd7 47.Rxa6 Rb8  1/2-1/2

[Event "18th Zadar Open A"]
[Site "Zadar CRO"]
[Date "2011.12.12"]
[Round "2.16"]
[White "Zelcic,R"]
[Black "Biliskov,V"]
[Result "1-0"]
[WhiteElo "2568"]
[BlackElo "2338"]

1.e4 c5 2.Nf3 d6 3.d4 cxd4 4.Nxd4 Nf6 5.Nc3 Nc6 6.Bg5 e6 7.Qd3 a6 8.O-O-O Qb6
9.Bxf6 gxf6 10.Qf3 Be7 11.Nb3 Bd7 12.Nd2 Qc5 13.Qg3 b5 14.Kb1 h5 15.f4 O-O-O
16.Qe1 Kb8 17.g3 Na7 18.f5 b4 19.Nb3 Qb6 20.Ne2 e5 21.Nec1 Rc8 22.Rd5 Bc6
23.Ra5 Bb7 24.Nd3 Nc6 25.Ra4 Qb5 26.Rxb4 Nxb4 27.Nxb4 Qb6 28.Bd3 Bd8 29.a4 a5
30.Na2 Bc6 31.Nc3 Qb4 32.Ba6 Rc7 33.Qe2 Rd7 34.Rd1 Bb6 35.Bb5 Bxb5 36.axb5 Rb7
37.Na2 Qa4 38.Rxd6 Bd4 39.Nxd4 exd4 40.b6 Re8 41.Qd3 Rbe7 42.Rxd4 Qc6 43.Nc3  1-0

[Event "18th Zadar Open A"]
[Site "Zadar CRO"]
[Date "2011.12.13"]
[Round "4.4"]
[White "Solak,D"]
[Black "Jankovic,A"]
[Result "1-0"]
[WhiteElo "2629"]
[BlackElo "2564"]

1.e4 c5 2.Nf3 d6 3.d4 cxd4 4.Nxd4 Nf6 5.Nc3 Nc6 6.Bg5 e6 7.Qd2 a6 8.O-O-O Bd7
9.f4 b5 10.Bxf6 gxf6 11.Kb1 h5 12.h4 Rg8 13.Nce2 Qb6 14.Rh3 Nxd4 15.Nxd4 Rg4
16.g3 e5 17.Nf5 exf4 18.gxf4 Bxf5 19.exf5 Bh6 20.Be2 Bxf4 21.Qd5 Rc8 22.Bxg4 hxg4
23.Qe4+ Kd7 24.Rhh1 Rc4 25.Qd5 Ke7 26.h5 Qf2 27.c3 Be5 28.Rdf1 Qa7 29.h6 Rc8
30.Re1 b4 31.cxb4 Qf2 32.Rxe5+ fxe5 33.Qb7+ Kd8 34.Qxc8+ Kxc8 35.h7 Qxf5+
36.Ka1 Qxh7 37.Rxh7 f5 38.Rg7 f4 39.Rxg4 f3 40.Kb1 Kd7 41.Rh4 Ke6 42.Kc2 Kf5
43.Kd2 Kg5 44.Re4 Kf5 45.Rh4 Kg5 46.Rh8 Kf4 47.Rf8+  1-0

[Event "18th Zadar Open A"]
[Site "Zadar CRO"]
[Date "2011.12.15"]
[Round "7.5"]
[White "Solak,D"]
[Black "Saric,Iv"]
[Result "1/2-1/2"]
[WhiteElo "2629"]
[BlackElo "2648"]

1.e4 c5 2.Nf3 Nc6 3.d4 cxd4 4.Nxd4 Nf6 5.Nc3 d6 6.Bg5 a6 7.Qd2 Nxd4 8.Qxd4 Qa5
9.f4 e5 10.Qd2 Be7 11.f5 b5 12.Bxf6 Bxf6 13.O-O-O O-O 14.h4 Bb7 15.Nd5 Qxa2
16.Nxf6+ gxf6 17.Qh6 Qa1+ 18.Kd2 Qa5+ 19.Kc1 Qa1+ 20.Kd2 Qa5+ 21.Kc1 Qa1+  1/2-1/2

[Event "18th Zadar Open A"]
[Site "Zadar CRO"]
[Date "2011.12.16"]
[Round "8.14"]
[White "Videnova,I"]
[Black "Martinovic,Sa"]
[Result "0-1"]
[WhiteElo "2297"]
[BlackElo "2504"]

1.e4 c5 2.Nf3 Nc6 3.d4 cxd4 4.Nxd4 Nf6 5.Nc3 d6 6.Bg5 e6 7.Qd2 a6 8.O-O-O Bd7
9.Nxc6 Bxc6 10.Qe1 Qa5 11.f4 h6 12.Bh4 Rc8 13.Kb1 b5 14.a3 Nd7 15.f5 Ne5
16.fxe6 fxe6 17.Be2 Qc7 18.Rf1 Be7 19.Bg3 Nf7 20.Bg4 Bd7 21.Bh5 O-O 22.Qd2 a5
23.Bxf7+ Rxf7 24.Rxf7 Kxf7 25.Bxd6 Bxd6 26.Qxd6 Qxd6 27.Rxd6 Bc6 28.b4 axb4
29.axb4 Kf6 30.Rd3 Ke5 31.Rg3 g5 32.h4 Rg8 33.Kb2 g4 34.Kb3 h5 35.Re3 Rf8
36.Ne2 Rf2 37.c4 Rxg2 38.Kc3 Rh2 39.Nd4 Bxe4 40.Nxb5 Kf4 41.Re1 g3 42.Nd4 g2
43.Ne2+ Kf3 44.Ng1+ Kf2 45.Rxe4 Kxg1 46.Rxe6 Rh3+ 47.Kd2 Rxh4 48.Re1+ Kh2
49.Kd3 Rf4 50.b5 Rf1 51.Re2 h4 52.b6 Rb1  0-1

[Event "48th Groningen Open A"]
[Site "Groningen NED"]
[Date "2011.12.23"]
[Round "3.14"]
[White "Pijpers,A"]
[Black "Nuri,Kam"]
[Result "1-0"]
[WhiteElo "2332"]
[BlackElo "2256"]

1.e4 c5 2.Nf3 Nc6 3.d4 cxd4 4.Nxd4 Nf6 5.Nc3 d6 6.Bg5 e6 7.Qd2 a6 8.O-O-O Bd7
9.f4 b5 10.Bxf6 gxf6 11.Kb1 Qb6 12.Nxc6 Bxc6 13.Bd3 b4 14.Ne2 Qc5 15.f5 e5
16.g4 Rg8 17.Rhg1 a5 18.c3 Rb8 19.cxb4 Qxb4 20.Qxb4 Rxb4 21.a3 Rxe4 22.Rc1 Re3
23.Rxc6 Rxd3 24.Rc8+ Kd7 25.Ra8 Rd5 26.Rc1 Rc5 27.Rxc5 dxc5 28.Nc3 Rh8 29.Ne4 Kc6
30.Kc2 Bg7 31.Rxh8 Bxh8 32.Kd3 Kd5 33.Nc3+ Kc6 34.Kc4 Bg7 35.Ne4 Bf8 36.Nxf6 h6
37.Ne4 Be7 38.f6 Bf8 39.a4 Bd6 40.h4 Bf8 41.h5  1-0

[Event "XXII Cajacanarias Christmas"]
[Site "Santa Cruz de Tenerife ESP"]
[Date "2011.12.23"]
[Round "6"]
[White "Gonzalez Garcia,Zoilo"]
[Black "Rodriguez Falcon,J"]
[Result "0-1"]
[WhiteElo "1675"]
[BlackElo "1961"]

1.e4 c5 2.Nf3 Nc6 3.d4 cxd4 4.Nxd4 Nf6 5.Nc3 d6 6.Bg5 a6 7.Qd2 e6 8.f4 Be7
9.O-O-O Qc7 10.Bxf6 gxf6 11.f5 Nxd4 12.Qxd4 Bd7 13.Be2 Rc8 14.Rd2 Qc5 15.Qxc5 Rxc5
16.fxe6 fxe6 17.Bh5+  0-1

[Event "48th Groningen Open A"]
[Site "Groningen NED"]
[Date "2011.12.27"]
[Round "6.6"]
[White "Kuipers,S"]
[Black "Durarbeyli,V"]
[Result "0-1"]
[WhiteElo "2396"]
[BlackElo "2539"]

1.e4 c5 2.Nf3 d6 3.d4 cxd4 4.Nxd4 Nf6 5.Nc3 Nc6 6.Bg5 e6 7.Qd2 Qb6 8.Bxf6 gxf6
9.Nb3 a6 10.O-O-O h5 11.f4 Rg8 12.Kb1 Bd7 13.Qe2 h4 14.Qe1 Rg4 15.Ne2 Qe3
16.Nd2 Rc8 17.c3 b5 18.h3 Rg8 19.Qxh4 b4 20.Qh5 Qd3+ 21.Ka1 Qc2 22.Nd4 Nxd4
23.cxd4 Rg3 24.Be2 Re3 25.Rhe1 a5 26.Nb1 Qxe4 27.Bd3 Qxf4 28.Bb5 d5 29.Bxd7+ Kxd7
30.Rf1 Qg5 31.Qxf7+ Be7 32.Rc1 Rxc1 33.Rxc1 Rc3 34.Rxc3 bxc3 35.bxc3 Qxg2
36.h4 f5 37.h5 a4 38.a3 Qg5 39.Qh7 Ke8 40.h6 Kf8 41.Qh8+ Qg8 42.Qe5 Kf7 43.Qh2 Kg6
44.Nd2 Qc8 45.Kb2 Bg5 46.Nf3 Bxh6 47.Kc2 Qb7 48.Ne5+ Kh7 49.Qg1 Qb3+ 50.Kd3 Qb5+
51.Kc2 Qe2+ 52.Kb1 Qh5 53.Nd7 Bg7 54.Nc5 f4 55.Nxa4 Qf5+ 56.Ka1 Qc2 57.Qh1+ Bh6
58.Nb2 Qxc3 59.Qh5 Qxa3+ 60.Kb1 Qe3 61.Qf7+ Kh8 62.Qe8+ Kg7 63.Qe7+ Kg6 64.Qe8+ Kg5
65.Qg8+ Kh4 66.Qh8 f3 67.Nd1 Qc1+ 68.Ka2 Qxd1 69.Qxh6+ Kg3 70.Qg5+ Kf2 71.Qh4+ Ke2
72.Qg4 Qc2+  0-1

[Event "Zuerich Weihnachtsopen Masters"]
[Site "Zuerich SUI"]
[Date "2011.12.28"]
[Round "4"]
[White "Gloor,R"]
[Black "Eidinger,H"]
[Result "1-0"]
[WhiteElo "2242"]
[BlackElo "2104"]

1.e4 c5 2.Nf3 Nc6 3.d4 cxd4 4.Nxd4 Nf6 5.Nc3 d6 6.Bg5 e6 7.Qd2 Be7 8.O-O-O Nxd4
9.Qxd4 O-O 10.f4 h6 11.Bh4 Qa5 12.Bc4 e5 13.fxe5 dxe5 14.Qd3 Rd8 15.Nd5 Kf8
16.Bxf6 Bxf6 17.Qf3 Bg5+ 18.Kb1 Be6 19.h4 Be7 20.Bb3 Qc5 21.g4 a5 22.a3 a4
23.Ba2 Rdc8 24.Rd2 Ra6 25.g5 Ke8 26.gxh6 gxh6 27.Qg3 Bxd5 28.Bxd5 Qc7 29.Rf1 Rd6
30.Bxf7+ Kd7 31.Be6+  1-0

[Event "1st St Leon-Rot Open"]
[Site "Sankt Leon-Rot GER"]
[Date "2011.12.29"]
[Round "6"]
[White "Boos,P"]
[Black "Gschnitzer,O"]
[Result "1/2-1/2"]
[WhiteElo "2125"]
[BlackElo "2466"]

1.e4 c5 2.Nf3 d6 3.d4 cxd4 4.Nxd4 Nf6 5.Nc3 Nc6 6.Bg5 e6 7.Qd2 a6 8.O-O-O Be7
9.f4 Nxd4 10.Qxd4 b5 11.Bxf6 gxf6 12.f5 Rb8 13.Kb1 b4 14.Ne2 Qa5 15.fxe6 fxe6
16.Qc4 Kf7 17.Nd4 Bd7 18.Be2 Rhc8 19.Qb3 Qe5 20.h3 Kg7  1/2-1/2

[Event "V Stadium Casablanca Open"]
[Site "Zaragoza ESP"]
[Date "2011.12.29"]
[Round "7"]
[White "Llanes Luno,P"]
[Black "Antoli Royo,J"]
[Result "0-1"]
[WhiteElo "2148"]
[BlackElo "2410"]

1.e4 c5 2.Nf3 Nc6 3.d4 cxd4 4.Nxd4 Nf6 5.Nc3 d6 6.Bg5 Bd7 7.f3 Rc8 8.Qd2 Nxd4
9.Qxd4 Qa5 10.Be3 a6 11.O-O-O g6 12.Bc4 Bg7 13.Nd5 Be6 14.Bb3 Nxd5 15.Qxg7 Nxe3
16.Qxh8+ Kd7 17.Qd4 Bxb3 18.axb3 Nxc2 19.Qg7 Na3+  0-1

[Event "48th Groningen Open A"]
[Site "Groningen NED"]
[Date "2011.12.30"]
[Round "9.22"]
[White "Maatman,Nick"]
[Black "Rietveld,R"]
[Result "0-1"]
[WhiteElo "2029"]
[BlackElo "2264"]

1.e4 c5 2.Nf3 d6 3.d4 cxd4 4.Nxd4 Nf6 5.Nc3 Nc6 6.Bg5 e6 7.Qd2 Be7 8.O-O-O O-O
9.f3 a6 10.h4 Nxd4 11.Qxd4 b5 12.e5 dxe5 13.Qxe5 Qb6 14.Bd3 Bb7 15.Ne4 Nxe4
16.Bxe4 f6 17.Qg3 fxg5 18.Bxh7+ Kxh7 19.hxg5+ Kg6 20.Rd7 Rae8 21.Qe5 Bd5
22.b3 Qc6 23.Rc7 Qd6 24.Qc3 Qf4+ 25.Kb1 b4 26.Qd3+ Qf5 27.Qxa6 Ra8 28.Qe2 Bd6
29.Rd7 Bg3 30.f4 Rh8 31.Rf1 Rac8 32.Re7 Rxc2 33.Rxe6+ Bxe6 34.Qxc2 Rc8 35.Qxf5+ Bxf5+
36.Ka1 Bxf4  0-1

[Event "ch-AUS 2011-12"]
[Site "North Geelong AUS"]
[Date "2011.12.30"]
[Round "4.5"]
[White "McClymont,Brodie"]
[Black "Johansen,D"]
[Result "0-1"]
[WhiteElo "2049"]
[BlackElo "2403"]

1.e4 c5 2.Nf3 d6 3.d4 cxd4 4.Nxd4 Nf6 5.Nc3 Nc6 6.Bg5 e6 7.Qd2 a6 8.O-O-O Bd7
9.f4 b5 10.Bxf6 gxf6 11.Nxc6 Bxc6 12.Bd3 Qb6 13.f5 h5 14.Kb1 b4 15.Ne2 Bh6
16.Qe1 e5 17.Ng3 Be3 18.Bc4 Ke7 19.Bd5 Rac8 20.Bxc6 Rxc6 21.Rd3 Bh6 22.Rf1 Rhc8
23.Rf2 h4 24.Nh1 Rc4 25.Re2 Qc6 26.Qd1 a5 27.Nf2 a4 28.Ng4 Bg5 29.Ne3 Bxe3
30.Rdxe3 a3 31.bxa3 bxa3 32.Rxa3 Rxe4 33.Rd2 Rc7 34.Rb3 Rf4 35.Qh5 Qa6 36.Qh8 Rc8
37.Qh5 Ra8 38.a3 Ra7 39.Kb2 Rc7 40.g4 hxg3 41.hxg3 Rfc4 42.Qe2 Qa5 43.Qe3 d5
44.Rg2 d4 45.Qe4 Rc3 46.g4 d3 47.Qb4+ Qxb4 48.axb4 Rxc2+ 49.Rxc2 Rxc2+ 50.Kb1 e4
51.b5 Rc4  0-1

[Event "1st St Leon-Rot Open"]
[Site "Sankt Leon-Rot GER"]
[Date "2011.12.30"]
[Round "7"]
[White "Holzwarth,Patrick"]
[Black "Bernhard,Sebastian"]
[Result "0-1"]
[WhiteElo "2042"]
[BlackElo "1888"]

1.e4 c5 2.Nf3 d6 3.d4 cxd4 4.Nxd4 Nf6 5.Nc3 Nc6 6.Bg5 e6 7.Qd2 a6 8.O-O-O h6
9.Bxf6 Qxf6 10.f3 Qd8 11.Kb1 Be7 12.g4 Qc7 13.h4 Bd7 14.Be2 Ne5 15.f4 Nc4
16.Bxc4 Qxc4 17.g5 b5 18.Nce2 Rc8 19.Rh3 b4 20.b3 Qc5 21.Rf3 hxg5 22.hxg5 Rh2
23.Rdf1 a5 24.f5 e5 25.f6 gxf6 26.gxf6 exd4 27.fxe7 Be6 28.Rd3 Kxe7 29.Rxd4 Rxe2
30.Qxe2 Qxd4 31.Qf3 Rc3 32.Qf4 Qe5 33.Qh6 Qxe4  0-1

[Event "Cracovia Open A"]
[Site "Krakow POL"]
[Date "2011.12.31"]
[Round "5.32"]
[White "Lach,A"]
[Black "Bednarczyk,D"]
[Result "0-1"]
[WhiteElo "2160"]
[BlackElo "1994"]

1.e4 c5 2.Nf3 Nc6 3.d4 cxd4 4.Nxd4 Nf6 5.Nc3 d6 6.Bg5 e6 7.Qd3 a6 8.O-O-O Bd7
9.Be2 Rc8 10.Rhe1 Nb4 11.Qe3 Be7 12.Kb1 O-O 13.f4 Qc7 14.Rd2 b5 15.Bf3 h6
16.Bxf6 Bxf6 17.Nde2 Nxc2 18.Rxc2 b4 19.Rec1 bxc3 20.Nxc3 Qb8 21.Be2 Rc6
22.g4 Rfc8 23.g5 hxg5 24.fxg5 Be5 25.h4 Qb4 26.a3 Qb3 27.h5 Rb6 28.Nd1 Rcb8
29.Qxb3 Rxb3 30.Ka2 Bf4 31.Rb1 R3b6 32.g6 fxg6 33.hxg6 Be8 34.Bg4 d5 35.Rf2 Be5
36.exd5 exd5 37.Bf3 Bxg6 38.Bxd5+ Kh8 39.Rc1 Rb5 40.Bc4 Rc5 41.b4 Rc6 42.Ne3 Be4
43.Re1 Rbc8 44.Kb3 Rg6 45.Nf1 a5 46.bxa5 Rb8+ 47.Ka2 Rc6 48.Ne3 Rd6 49.Ref1 Rf6
50.Nf5 g6 51.Re2 gxf5 52.a6 Rbb6 53.a4 Rb4 54.Bb5 Bd5+  0-1

[Event "Cracovia Open A"]
[Site "Krakow POL"]
[Date "2011.12.31"]
[Round "5.20"]
[White "Hommerson,P"]
[Black "Sharapov,E"]
[Result "1-0"]
[WhiteElo "2215"]
[BlackElo "2470"]

1.e4 c5 2.Nf3 d6 3.d4 cxd4 4.Nxd4 Nf6 5.Nc3 Nc6 6.Bg5 Qb6 7.Nb3 e6 8.Qd2 Be7
9.O-O-O O-O 10.Be3 Qc7 11.f4 a6 12.Bd3 b5 13.Rhe1 Nd7 14.Kb1 Nb6 15.Qf2 Rb8
16.e5 d5 17.Bc5 b4 18.Ne2 a5 19.Bxe7 Nxe7 20.Qc5 Qxc5 21.Nxc5 Bd7 22.c3 bxc3
23.Nxc3 Rfc8 24.Nxd7 Nxd7 25.Ne2 Nc5 26.Bc2 Nc6 27.Rc1 Nb4 28.a3 Nxc2 29.Rxc2 Nb3
30.Rxc8+ Rxc8 31.Ka2 Nd2 32.Rc1 Rxc1 33.Nxc1 a4 34.b3 Nxb3 35.Nxb3 axb3+
36.Kxb3 Kf8 37.Kb4 Ke7 38.g4 Kd7 39.Kc5 Kc7 40.f5 g6 41.f6 g5 42.h3 Kd7 43.a4 Kc7
44.a5 Kb7 45.Kd6 d4 46.Ke7 d3 47.Kxf7 d2 48.Kg8 d1=Q 49.f7 Qd5 50.f8=Q Qxe5
51.Kxh7 Qe3 52.Qb4+ Kc6 53.Kg6 Qxh3 54.Kxg5 Qe3+ 55.Kg6 e5 56.Kf5  1-0

[Event "XLI Rilton Cup 2011-12"]
[Site "Stockholm SWE"]
[Date "2012.01.02"]
[Round "6"]
[White "Olofsson-Dolk,Mattis"]
[Black "Bryntze,S"]
[Result "0-1"]
[WhiteElo "1988"]
[BlackElo "2175"]

1.e4 c5 2.Nf3 Nc6 3.d4 cxd4 4.Nxd4 d6 5.Nc3 Nf6 6.Bg5 Qa5 7.Bxf6 gxf6 8.Qd2 Bd7
9.O-O-O Bg7 10.Nb3 Qc7 11.Nd5 Qb8 12.f4 O-O 13.f5 Re8 14.g4 e6 15.Nc3 Ne5
16.Rg1 Nf3 17.Qg2 Nxg1 18.Qxg1 Bc6 19.g5 fxg5 20.Qxg5 Qd8 21.Qg3 exf5 22.Bc4 Qf6
23.Rf1 Bxe4 24.Ne2 d5 25.Bb5 Re7  0-1

[Event "XLI Rilton Cup 2011-12"]
[Site "Stockholm SWE"]
[Date "2012.01.03"]
[Round "7"]
[White "Sagit,R"]
[Black "Bakre,T"]
[Result "0-1"]
[WhiteElo "2368"]
[BlackElo "2509"]

1.e4 c5 2.Nf3 d6 3.d4 cxd4 4.Nxd4 Nf6 5.Nc3 Nc6 6.Bg5 e6 7.Qd2 Be7 8.f3 O-O
9.O-O-O Nxd4 10.Qxd4 a6 11.h4 b5 12.g4 Bb7 13.Be3 Qa5 14.Kb1 b4 15.Ne2 e5
16.Qd2 d5 17.g5 Nh5 18.exd5 Rfd8 19.c4 bxc3 20.Nxc3 Ng3 21.Rg1 Nxf1 22.Rgxf1 Bb4
23.d6 Rxd6 24.Qxd6 Bxd6 25.Rxd6 Qb4 26.Rfd1 h5 27.Rb6 Qe7 28.Nd5 Bxd5 29.Rxd5 Rd8
30.Bc5 Qc7 31.Rxd8+ Qxd8 32.Kc2 Qd5 33.Be3 Qxf3 34.Kd2 Qg2+ 35.Kd3 Qd5+ 36.Ke2 Qc4+
37.Kd2 Qxh4 38.g6 fxg6 39.Rxg6 Qb4+ 40.Ke2 Qxb2+ 41.Kf3 Qxa2 42.Rg5 Qd5+
43.Kf2 a5  0-1

[Event "24th Staufer-Open"]
[Site "Schwaebisch Gmuend GER"]
[Date "2012.01.04"]
[Round "6"]
[White "Stets,D"]
[Black "Zubarev,Al1"]
[Result "1/2-1/2"]
[WhiteElo "2479"]
[BlackElo "2597"]

1.e4 c5 2.Nf3 d6 3.d4 cxd4 4.Nxd4 Nf6 5.Nc3 Nc6 6.Bg5 Bd7 7.Bxf6 gxf6 8.Nf5 Qa5
9.Bb5 a6 10.Bxc6 bxc6 11.Qd3 Rg8 12.O-O Bxf5 13.exf5 Rg5 14.h4 Rg4 15.Rfe1 Kd7  1/2-1/2

[Event "4th Chennai Open"]
[Site "Chennai IND"]
[Date "2012.01.06"]
[Round "4"]
[White "Kravtsiv,M"]
[Black "Shashikant,K"]
[Result "1/2-1/2"]
[WhiteElo "2602"]
[BlackElo "2289"]

1.e4 c5 2.Nf3 d6 3.d4 cxd4 4.Nxd4 Nf6 5.Nc3 Nc6 6.Bg5 e6 7.Qd2 Qb6 8.Nb3 Be7
9.O-O-O a6 10.Bxf6 Bxf6 11.f4 O-O 12.Qxd6 Bxc3 13.bxc3 e5 14.Qc5 Qxc5 15.Nxc5 exf4
16.Bc4 Ne5 17.Bd5 Bg4 18.Rdf1 Rac8 19.Nd3 Nxd3+ 20.cxd3 Be2 21.Rxf4 Bxd3
22.Bxb7 Rxc3+ 23.Kd2 Rc7 24.Bd5 Bb5 25.Re1  1/2-1/2